Say Yes - Sudden Death! - Statistics

General Stats
  • This quiz has been taken 473 times
    471 since last reset
  • The average score is 20 of 22
Answers on the Grid
Answers color-coded by a green-red scale on the quiz's grid according to % correct below.
Yes
Sure
If I said no, I'd be lying
Yah
Of course
Very well
Absolutely not
Negative
Nuh-uh
No!
Nope
I don't know
Okay
Not in a million years
I will when pigs fly
0 percent chance
In your dreams
You bet!
Correct
Not quite
Without a doubt
Veto
Nay
Aye-aye, captain!
Declined
Accepted
I'll pass
I'd rather not
Objection!
I concur
Consensus
Affirmative
Denied
Indubitably
Positive
Ratified
Yessir!
Yup
Confirmed
 
Answer Stats
Answer % Correct
Yes
96%
Okay
95%
Sure
95%
Yah
95%
Yessir!
95%
Yup
95%
Accepted
94%
Confirmed
94%
Correct
94%
Of course
94%
Positive
94%
94%
Aye-aye, captain!
93%
Very well
93%
Without a doubt
93%
Affirmative
91%
If I said no, I'd be lying
91%
You bet!
90%
I concur
86%
Indubitably
86%
Consensus
85%
Ratified
81%
No matching quizzes found
Score Distribution
Percent of People with Each Score
Percentile by Number Answered
Your Score History
You have not taken this quiz since the last reset